000 00291nam a22001337a 4500
008 180123b xxu||||| |||| 00| 0 eng d
020 _a2900072949390
041 _aeng
080 _a33
100 _a59
101 _abus
245 _ainternational business
_chill.ch.w
942 _2udc
_cBK
999 _c40799
_d40799